[Event "BL 8485 Porz-Solingen"]
[Site "?"]
[Date "1985.??.??"]
[Round "?.8"]
[White "Laven, R."]
[Black "Borngaesser, R."]
[Result "0-1"]
[WhiteElo "2320"]
[BlackElo "2335"]
[PlyCount "100"]
[EventDate "1985.??.??"]

1. e4 e6 2. d4 d5 3. Nd2 Nf6 4. e5 Nfd7 5. Bd3 c5 6. c3 Nc6 7. Ne2 cxd4 8. cxd4
f6 9. exf6 Nxf6 10. Nf3 Bd6 11. O-O Qc7 12. Nc3 a6 13. Bg5 O-O 14. Rc1 Qf7 15.
Bb1 Qh5 16. h3 h6 17. Be3 Bd7 18. Ne1 Qxd1 19. Rxd1 Rac8 20. Nf3 Na5 21. Bc1
Nc4 22. Bd3 Bb4 23. Ne2 Nd6 24. Ne5 Ba4 25. b3 Bb5 26. a4 Bd7 27. Bb2 Nde4 28.
Bxe4 dxe4 29. Rc1 Bd2 30. Rxc8 Rxc8 31. Nc4 Bb4 32. Bc1 Bxa4 33. bxa4 Rxc4 34.
Be3 Nd5 35. Rb1 Nxe3 36. fxe3 Bd2 37. Kf2 Rxa4 38. Rxb7 Ra3 39. Ng3 Bxe3+ 40.
Kf1 Bxd4 41. Nxe4 Ra2 42. h4 a5 43. h5 a4 44. Rd7 Be5 45. Ra7 a3 46. Ra8+ Kh7
47. Nc5 Bd6 48. Nxe6 Rb2 49. Ra7 a2 50. Rxg7+ Kh8 0-1

[Event "BL 8485 Delmenhorst-Koblenz"]
[Site "?"]
[Date "1985.??.??"]
[Round "?.1"]
[White "Schulz, KJ."]
[Black "Hermann, Man"]
[Result "1-0"]
[WhiteElo "2355"]
[BlackElo "2345"]
[PlyCount "115"]
[EventDate "1985.??.??"]

1. g3 d5 2. Bg2 c6 3. Nf3 Nf6 4. O-O Bf5 5. d3 h6 6. Nbd2 e6 7. c4 Be7 8. b3
O-O 9. Bb2 Nbd7 10. Rc1 a5 11. a3 Re8 12. Rc2 Bf8 13. Qa1 Qb6 14. h3 Bc5 15.
Bd4 Bxd4 16. Qxd4 Qxd4 17. Nxd4 Bg6 18. f4 Rad8 19. c5 e5 20. fxe5 Nxe5 21. Rb2
Nfd7 22. b4 axb4 23. axb4 Ra8 24. N2f3 Nxf3+ 25. Nxf3 Ra4 26. Rc1 Rea8 27. Kf2
Ra2 28. Rcc2 Rxb2 29. Rxb2 f6 30. Nd4 Ne5 31. b5 Kh7 32. bxc6 bxc6 33. Rb7 Bxd3
34. exd3 Nxd3+ 35. Kg1 Ra1+ 36. Kh2 Ra2 37. Re7 Ne5 38. g4 Kg6 39. Ne6 f5 40.
Nd4 Nd3 41. gxf5+ Kf6 42. Re6+ Kf7 43. Kg3 Nxc5 44. Rxc6 Ra3+ 45. Kg4 Ne4 46.
Bxe4 dxe4 47. h4 Rd3 48. Ne2 Rd2 49. Ng3 e3 50. Rc7+ Kf8 51. Kf3 Rh2 52. h5 e2
53. Rc1 Kf7 54. Re1 Kf6 55. Rxe2 Rh4 56. Re4 Rh2 57. Kg4 Ra2 58. Rb4 1-0

[Event "BL 8485 Delmenhorst-Koblenz"]
[Site "?"]
[Date "1985.??.??"]
[Round "?.3"]
[White "Doncevic, D."]
[Black "Juhnke, K."]
[Result "1-0"]
[WhiteElo "2360"]
[BlackElo "2325"]
[PlyCount "55"]
[EventDate "1985.??.??"]

1. e4 c5 2. c3 Nf6 3. e5 Nd5 4. d4 cxd4 5. Nf3 Nc6 6. Bc4 Nb6 7. Bb3 d5 8. exd6
Qxd6 9. O-O Be6 10. Na3 Bxb3 11. Qxb3 Qd5 12. Nb5 Rc8 13. Nfxd4 Nxd4 14. Nxd4
e6 15. Rd1 Be7 16. Be3 Nc4 17. Nb5 Qf5 18. Nxa7 Nxe3 19. Nxc8 Nxd1 20. Rxd1 Qe4
21. Qb6 Qc6 22. Nd6+ Bxd6 23. Rxd6 Qc8 24. Qb5+ Ke7 25. Qb4 Kf6 26. Rd3 h6 27.
Qd4+ e5 28. Qb6+ 1-0

[Event "BL 8485 Delmenhorst-Koblenz"]
[Site "?"]
[Date "1985.??.??"]
[Round "?.5"]
[White "Schlick, V."]
[Black "Schlemermeyer, W."]
[Result "0-1"]
[WhiteElo "2320"]
[BlackElo "2220"]
[PlyCount "80"]
[EventDate "1985.??.??"]

1. e4 e5 2. Nf3 Nc6 3. Bb5 a6 4. Ba4 Nf6 5. d4 exd4 6. O-O Be7 7. Re1 b5 8. Bb3
d6 9. Bd5 Nxd5 10. exd5 Ne5 11. Nxd4 O-O 12. Nc3 Bg4 13. f3 Bd7 14. Bf4 Ng6 15.
Bg3 Re8 16. Qd2 Qb8 17. Ne4 Qb7 18. Nb3 a5 19. Kh1 b4 20. c4 bxc3 21. Qxc3 a4
22. Na5 Qb6 23. Nc4 Qa6 24. f4 Rac8 25. Rac1 h6 26. Qf3 f5 27. Qh5 Nf8 28. Ned2
Bf6 29. Bh4 Bxh4 30. Qxh4 Qb5 31. Ne3 Qxb2 32. Rc2 Qd4 33. Nf3 Qb6 34. Qf2 Ng6
35. g3 Re4 36. Nd2 Re7 37. Qf3 Rce8 38. Ndc4 Qd4 39. Ree2 Bb5 40. Nxf5 Qd1+ 0-1

[Event "BL 8485 Delmenhorst-Koblenz"]
[Site "?"]
[Date "1985.??.??"]
[Round "?.6"]
[White "Tielemann, K."]
[Black "Andruet, G."]
[Result "0-1"]
[WhiteElo "2285"]
[BlackElo "2400"]
[PlyCount "104"]
[EventDate "1985.??.??"]

1. d4 Nf6 2. c4 e6 3. Nf3 b6 4. e3 Bb7 5. Bd3 c5 6. O-O cxd4 7. exd4 Be7 8. Nc3
d5 9. b3 O-O 10. Bb2 Nc6 11. Rc1 Rc8 12. Re1 Re8 13. cxd5 Nxd5 14. Ne4 Ncb4 15.
Rxc8 Qxc8 16. Bb1 Nf6 17. Nxf6+ Bxf6 18. Ne5 g6 19. h4 Nd5 20. h5 Nc3 21. Bxc3
Qxc3 22. hxg6 hxg6 23. Re3 Qc7 24. Nxg6 fxg6 25. Bxg6 Re7 26. Qg4 Bg7 27. Rh3
Qc1+ 28. Kh2 Qd2 29. Bh7+ Kf8 30. Rd3 Be5+ 31. dxe5 Rxh7+ 32. Rh3 Rxh3+ 33.
Qxh3 Qxf2 34. Qh8+ Ke7 35. Qh7+ Qf7 36. Qd3 Bd5 37. Qg3 Kd7 38. a3 Kc6 39. b4
Qh5+ 40. Kg1 Qd1+ 41. Kh2 Qe2 42. Qc3+ Kb7 43. Qg3 Kc6 44. Qc3+ Qc4 45. Qg3 Qc2
46. Qg5 Qxg2+ 47. Qxg2 Bxg2 48. Kxg2 Kd5 49. Kf3 Kxe5 50. Ke3 b5 51. Kd3 Kd5
52. Ke3 Kc4 0-1

[Event "BL 8485 Delmenhorst-Koblenz"]
[Site "?"]
[Date "1985.??.??"]
[Round "?.7"]
[White "Brueckner, T."]
[Black "Dornieden, M."]
[Result "1-0"]
[WhiteElo "2265"]
[BlackElo "2290"]
[PlyCount "51"]
[EventDate "1985.??.??"]

1. d4 d5 2. c4 e6 3. Nc3 Be7 4. Nf3 Nf6 5. Bg5 O-O 6. e3 h6 7. Bxf6 Bxf6 8. Qc2
c6 9. O-O-O Nd7 10. h4 e5 11. cxd5 exd4 12. Nxd4 cxd5 13. g4 Nb6 14. g5 Bxd4
15. Rxd4 h5 16. Be2 g6 17. Rhd1 Qe7 18. Rxd5 Be6 19. R5d4 Rac8 20. Kb1 Qc5 21.
Qd2 Bf5+ 22. e4 Be6 23. f4 Bc4 24. Na4 Qc7 25. Nxb6 Bxe2 26. Nd5 1-0

[Event "BL 8485 HSK-Zähringen"]
[Site "?"]
[Date "1985.??.??"]
[Round "?.2"]
[White "Chandler, M."]
[Black "Schuh, H."]
[Result "1-0"]
[WhiteElo "2540"]
[BlackElo "2310"]
[PlyCount "67"]
[EventDate "1985.??.??"]

1. e4 c5 2. Nf3 e6 3. d4 cxd4 4. Nxd4 Nf6 5. Nc3 d6 6. g4 h6 7. h4 Be7 8. Bg2
g6 9. g5 hxg5 10. Bxg5 a6 11. Qd2 e5 12. Nde2 Be6 13. O-O-O Nbd7 14. Kb1 Rc8
15. Bh3 Nc5 16. Bxe6 Nxe6 17. f4 exf4 18. Nxf4 Nxf4 19. Bxf4 Rc4 20. Qd3 b5 21.
Bg5 Nh5 22. e5 Bxg5 23. hxg5 O-O 24. Nd5 Kg7 25. Nf6 Rh8 26. exd6 Nxf6 27.
gxf6+ Kxf6 28. Rxh8 Qxh8 29. d7 Qd8 30. b3 Rh4 31. Qc3+ Kg5 32. Qe5+ f5 33.
Rg1+ Rg4 34. Rxg4+ 1-0

[Event "BL 8485 HSK-Zähringen"]
[Site "?"]
[Date "1985.??.??"]
[Round "?.3"]
[White "Vatter, H."]
[Black "Reefschlaeger, H."]
[Result "1-0"]
[WhiteElo "2250"]
[BlackElo "2425"]
[PlyCount "65"]
[EventDate "1985.??.??"]

1. e4 e6 2. d4 d5 3. e5 c5 4. c3 Nc6 5. Nf3 Qb6 6. a3 c4 7. g3 f6 8. exf6 Nxf6
9. Bg2 e5 10. dxe5 Ne4 11. O-O Bc5 12. Qxd5 Nxf2 13. Qxc4 Na5 14. Qe2 Nb3 15.
Nbd2 Nd3+ 16. Kh1 Nbxc1 17. Raxc1 Nxc1 18. Rxc1 Be6 19. b4 Be3 20. Re1 Bxd2 21.
Qxd2 Rd8 22. Qc2 Bd5 23. e6 Rd6 24. Nd4 Bxg2+ 25. Qxg2 g6 26. Qe4 O-O 27. h4
Re8 28. h5 gxh5 29. Qf5 Qc7 30. Qg5+ Kh8 31. Qf6+ Kg8 32. Re5 h6 33. Qg6+ 1-0

[Event "BL 8485 HSK-Zähringen"]
[Site "?"]
[Date "1985.??.??"]
[Round "?.4"]
[White "Behrhorst, F."]
[Black "Miltner, A."]
[Result "1/2-1/2"]
[WhiteElo "2285"]
[BlackElo "2280"]
[PlyCount "59"]
[EventDate "1985.??.??"]

1. d4 Nf6 2. c4 d6 3. Nc3 Nbd7 4. e4 e5 5. d5 Be7 6. f3 O-O 7. Be3 Ne8 8. Qd2
c6 9. O-O-O a6 10. Kb1 Rb8 11. Nge2 c5 12. g4 b5 13. Ng3 Nc7 14. h4 bxc4 15.
Bxc4 Nb5 16. Nxb5 axb5 17. Bf1 b4 18. h5 Nb6 19. b3 h6 20. Nf5 Bg5 21. Bxg5
hxg5 22. Ne3 Kh7 23. Bc4 Ra8 24. Rc1 f6 25. Bb5 Rf7 26. Nc4 Nxc4 27. Bxc4 Rfa7
28. Rc2 Ba6 29. Qd3 Qb6 30. Bxa6 1/2-1/2

[Event "BL 8485 HSK-Zähringen"]
[Site "?"]
[Date "1985.??.??"]
[Round "?.5"]
[White "Raupp, T."]
[Black "Gruenberg, Ra"]
[Result "1/2-1/2"]
[WhiteElo "2275"]
[BlackElo "2255"]
[PlyCount "64"]
[EventDate "1985.??.??"]

1. c4 Nf6 2. Nc3 d5 3. cxd5 Nxd5 4. g3 c5 5. Bg2 Nc7 6. b3 g6 7. Bb2 Bg7 8. Rc1
Nba6 9. Na4 Bxb2 10. Nxb2 Rb8 11. Nd3 Qd6 12. Nf3 f6 13. O-O O-O 14. Nb2 e5 15.
Nc4 Qe7 16. d3 Be6 17. a3 Bd5 18. Qc2 Ne6 19. Qb2 Nac7 20. Rfe1 b6 21. Ncd2
Rfc8 22. Rcd1 Nd4 23. e3 Nxf3+ 24. Nxf3 Qf7 25. b4 cxb4 26. axb4 Nb5 27. Rc1
Qb7 28. e4 Bf7 29. d4 exd4 30. Nxd4 Nxd4 31. Qxd4 Qe7 32. f4 Rd8 1/2-1/2

[Event "BL 8485 HSK-Zähringen"]
[Site "?"]
[Date "1985.??.??"]
[Round "?.6"]
[White "Hess, C."]
[Black "Kiefer, G."]
[Result "1-0"]
[WhiteElo "2260"]
[BlackElo "2220"]
[PlyCount "71"]
[EventDate "1985.??.??"]

1. c4 c5 2. Nf3 Nc6 3. Nc3 g6 4. e3 Bg7 5. d4 d6 6. d5 Ne5 7. Nxe5 Bxe5 8. Bd3
e6 9. O-O a6 10. a4 Ne7 11. f4 Bg7 12. Qf3 O-O 13. g4 exd5 14. cxd5 f5 15. gxf5
Nxf5 16. Bd2 Rb8 17. Rab1 b5 18. axb5 axb5 19. Bxb5 Nh4 20. Qe2 Bh3 21. Rf2 g5
22. Kh1 gxf4 23. exf4 Bf5 24. Rg1 Kh8 25. Rff1 Bd4 26. Rg5 Rb7 27. Be1 Ng6 28.
Qh5 Rxb5 29. Rxf5 Rxb2 30. Ne4 Qe7 31. Rxf8+ Nxf8 32. Ng5 Ng6 33. f5 Be5 34.
Bg3 Bxg3 35. hxg3 Qf6 36. Qxh7# 1-0

[Event "BL 8485 HSK-Zähringen"]
[Site "?"]
[Date "1985.??.??"]
[Round "?.7"]
[White "Vogel, R."]
[Black "Wegner, H."]
[Result "1-0"]
[WhiteElo "2245"]
[BlackElo "2245"]
[PlyCount "65"]
[EventDate "1985.??.??"]

1. d4 Nf6 2. c4 e6 3. Nc3 Bb4 4. e3 b6 5. Nge2 Ba6 6. Ng3 Nc6 7. Bd2 O-O 8. Be2
Re8 9. O-O Bf8 10. Qa4 Bb7 11. Rac1 a6 12. a3 d5 13. cxd5 exd5 14. Bf3 Na7 15.
Qc2 c5 16. dxc5 bxc5 17. Rfd1 Qc7 18. Na4 Rac8 19. b4 c4 20. Bc3 Ne4 21. Nxe4
dxe4 22. Bg4 Rcd8 23. Bd4 Nb5 24. Bb6 Rxd1+ 25. Rxd1 Qe5 26. Bd7 Ra8 27. Nc5
Bxc5 28. bxc5 c3 29. c6 Bc8 30. Qb3 Rb8 31. a4 Rxb6 32. Bxc8 Rb8 33. Rd8+ 1-0

[Event "BL 8485 Koblenz-HSK"]
[Site "?"]
[Date "1985.??.??"]
[Round "?.2"]
[White "Wolf, V."]
[Black "Chandler, M."]
[Result "1-0"]
[WhiteElo "2315"]
[BlackElo "2540"]
[PlyCount "179"]
[EventDate "1985.??.??"]

1. d4 Nf6 2. c4 e6 3. g3 d5 4. Nf3 dxc4 5. Bg2 a6 6. O-O b5 7. Ne5 Nd5 8. a4
Bb7 9. b3 c3 10. axb5 axb5 11. Rxa8 Bxa8 12. e4 Nf6 13. Nxc3 b4 14. Na4 Be7 15.
Re1 O-O 16. Bb2 Nc6 17. Nc4 Re8 18. Ne3 Na5 19. Qc2 Bf8 20. Rc1 h6 21. Qd3 Bc6
22. Nc5 Nd7 23. Nxd7 Qxd7 24. Qc2 Bb5 25. d5 exd5 26. exd5 Bd6 27. Ra1 Nb7 28.
Bd4 g6 29. Ra7 Nd8 30. h4 h5 31. Qd2 Qe7 32. Qc2 Bd7 33. Rxc7 Bxc7 34. Qxc7 Bg4
35. Qf4 Kh7 36. d6 Ne6 37. dxe7 Nxf4 38. gxf4 Rxe7 39. Bc5 Rd7 40. Nd5 Kg7 41.
Bxb4 Be6 42. Bc3+ Kf8 43. Ne3 Bxb3 44. f5 Rc7 45. Be5 Rc1+ 46. Kh2 gxf5 47.
Nxf5 Be6 48. Ne3 Kg8 49. Kg3 Rc5 50. Kf4 Ra5 51. Bf3 Ra2 52. Kg3 Ra5 53. Bf6
Kh7 54. Be4+ Kh6 55. f3 Ra6 56. Ng2 Ra5 57. Bg5+ Kg7 58. Nf4 Bf5 59. Nxh5+ Kh8
60. Bc6 Rc5 61. Be8 Kg8 62. Nf6+ Kg7 63. Ba4 Bc2 64. Bd7 Bf5 65. Ne4 Bxe4 66.
fxe4 Ra5 67. Bf5 Ra1 68. Be3 Re1 69. Bd4+ f6 70. h5 Rb1 71. Kg4 Rb3 72. Bf2 Ra3
73. Bg3 Ra1 74. Bf4 Rg1+ 75. Kf3 Rh1 76. Bg6 Ra1 77. Be3 Rf1+ 78. Kg4 Re1 79.
Kf3 Rf1+ 80. Kg2 Rb1 81. Bf5 Rb3 82. h6+ Kf7 83. h7 Rb2+ 84. Kg3 Kg7 85. Bd4
Rb8 86. e5 Kh8 87. e6 Kg7 88. Kf4 Re8 89. Ke4 Ra8 90. Bc5 1-0

[Event "BL 8485 Koblenz-HSK"]
[Site "?"]
[Date "1985.??.??"]
[Round "?.3"]
[White "Reefschlaeger, H."]
[Black "Doncevic, D."]
[Result "1/2-1/2"]
[WhiteElo "2425"]
[BlackElo "2360"]
[PlyCount "20"]
[EventDate "1985.??.??"]

1. d4 Nf6 2. Nf3 g6 3. c4 Bg7 4. g3 c6 5. Bg2 d5 6. cxd5 cxd5 7. O-O Nc6 8. Nc3
Ne4 9. e3 Nxc3 10. bxc3 O-O 1/2-1/2

[Event "BL 8485 Koblenz-HSK"]
[Site "?"]
[Date "1985.??.??"]
[Round "?.4"]
[White "Weidemann, J."]
[Black "Behrhorst, F."]
[Result "1-0"]
[WhiteElo "2290"]
[BlackElo "2285"]
[PlyCount "39"]
[EventDate "1985.??.??"]

1. e4 Nf6 2. Nc3 d5 3. e5 d4 4. exf6 dxc3 5. Qh5 exf6 6. dxc3 g6 7. Qe2+ Qe7 8.
Bf4 Be6 9. O-O-O a6 10. g4 Bg7 11. Bg2 Nc6 12. h4 O-O 13. Bxc6 bxc6 14. Nf3 Qc5
15. Rhg1 Rfe8 16. Qd2 Qa5 17. a3 Bf8 18. c4 Qa4 19. Qc3 Bxc4 20. Rd4 1-0

[Event "BL 8485 Koblenz-HSK"]
[Site "?"]
[Date "1985.??.??"]
[Round "?.5"]
[White "Gruenberg, Ra"]
[Black "Schlick, V."]
[Result "1-0"]
[WhiteElo "2255"]
[BlackElo "2320"]
[PlyCount "93"]
[EventDate "1985.??.??"]

1. c4 c5 2. Nc3 g6 3. Nf3 Bg7 4. g3 Nc6 5. Bg2 d6 6. d3 Bd7 7. a3 Qc8 8. h3 Rb8
9. Bd2 a6 10. Rc1 Nf6 11. Nd5 Nxd5 12. cxd5 Nd4 13. Nxd4 Bxd4 14. Bc3 Bxc3+ 15.
Rxc3 O-O 16. Qc1 e5 17. dxe6 fxe6 18. O-O e5 19. Qh6 Bc6 20. h4 Bxg2 21. Kxg2
Qg4 22. f3 Qd7 23. b4 b6 24. Rh1 Qe7 25. Rc4 Kh8 26. Qe3 Rbe8 27. bxc5 bxc5 28.
Ra4 Ra8 29. Rb1 Qd7 30. Qe4 Qe8 31. Rb6 d5 32. Qxd5 Qxa4 33. Qxe5+ Kg8 34. Rb7
Rf7 35. Rxf7 Kxf7 36. Qd5+ Kg7 37. Qxa8 Qxa3 38. Qb7+ Kg8 39. Qc8+ Kg7 40. Qd7+
Kg8 41. Qe6+ Kg7 42. Qe7+ Kg8 43. d4 a5 44. dxc5 Qc3 45. Qe8+ Kg7 46. c6 Qc2
47. Qe7+ 1-0

[Event "BL 8485 Koblenz-HSK"]
[Site "?"]
[Date "1985.??.??"]
[Round "?.6"]
[White "Andruet, G."]
[Black "Hess, C."]
[Result "1-0"]
[WhiteElo "2400"]
[BlackElo "2260"]
[PlyCount "91"]
[EventDate "1985.??.??"]

1. d4 Nf6 2. c4 e6 3. Nf3 Bb4+ 4. Nbd2 O-O 5. a3 Bxd2+ 6. Qxd2 d6 7. b4 Qe7 8.
Bb2 Nbd7 9. g3 Re8 10. Bg2 e5 11. dxe5 Nxe5 12. Nxe5 dxe5 13. O-O c6 14. Rad1
Be6 15. Qc2 Nd7 16. c5 Rac8 17. Rd6 f6 18. Rfd1 Nf8 19. a4 Qf7 20. R1d3 Rc7 21.
b5 cxb5 22. axb5 Nd7 23. c6 Nb6 24. Rc3 bxc6 25. bxc6 Kh8 26. Ba3 g6 27. Bc5
Nc8 28. Rd2 Kg7 29. Bb4 Nb6 30. Ba5 Qe7 31. Bxb6 axb6 32. Qb1 Ra8 33. Rb2 Qd6
34. Rc1 Bf5 35. e4 Be6 36. Rxb6 Ra2 37. Rb7 Kh6 38. Rxc7 Qxc7 39. Rc2 Rxc2 40.
Qxc2 g5 41. Bf1 Kg6 42. Qc5 h5 43. Qb5 Bc8 44. Bc4 h4 45. Qd5 hxg3 46. Qg8+ 1-0

[Event "BL 8485 Koblenz-HSK"]
[Site "?"]
[Date "1985.??.??"]
[Round "?.7"]
[White "Wegner, H."]
[Black "Brueckner, T."]
[Result "1/2-1/2"]
[WhiteElo "2245"]
[BlackElo "2265"]
[PlyCount "33"]
[EventDate "1985.??.??"]

1. d4 Nf6 2. Nf3 e6 3. c4 b6 4. a3 Bb7 5. Nc3 d5 6. cxd5 exd5 7. g3 Be7 8. Bg2
O-O 9. O-O Nbd7 10. Bf4 c6 11. Ne5 Nxe5 12. Bxe5 Qd7 13. b4 Ng4 14. Bf4 Nf6 15.
Be5 Ng4 16. Bf4 Nf6 17. Be5 1/2-1/2

[Event "BL 8485 Zähringen-Delmenhorst"]
[Site "?"]
[Date "1985.??.??"]
[Round "?.1"]
[White "Meyer, H."]
[Black "Herbrechtsmeier, C."]
[Result "1/2-1/2"]
[WhiteElo "2245"]
[BlackElo "2325"]
[PlyCount "55"]
[EventDate "1985.??.??"]

1. d4 Nf6 2. c4 g6 3. Nc3 d5 4. Nf3 Bg7 5. Bg5 Ne4 6. cxd5 Nxg5 7. Nxg5 e6 8.
Nf3 exd5 9. e3 O-O 10. b4 c6 11. Be2 Be6 12. Rc1 Nd7 13. O-O Qe7 14. Qb3 Rfd8
15. Rfd1 Bf8 16. b5 Qa3 17. Ng5 Qxb3 18. axb3 Ba3 19. Nxe6 fxe6 20. Rc2 c5 21.
Bg4 Kf7 22. dxc5 Nxc5 23. Ne2 a5 24. bxa6 Rxa6 25. Nd4 Rb6 26. Ra1 Bb4 27. f4
Kf6 28. Bf3 1/2-1/2

[Event "BL 8485 Zähringen-Delmenhorst"]
[Site "?"]
[Date "1985.??.??"]
[Round "?.4"]
[White "Miltner, A."]
[Black "Juhnke, K."]
[Result "1/2-1/2"]
[WhiteElo "2280"]
[BlackElo "2325"]
[PlyCount "143"]
[EventDate "1985.??.??"]

1. Nf3 c5 2. c3 Nf6 3. d4 b6 4. Bf4 g6 5. Nbd2 Bb7 6. e3 d6 7. h3 Bg7 8. Bc4
O-O 9. O-O Nc6 10. Qe2 a6 11. a4 Qc7 12. Rac1 Qd7 13. Rfd1 cxd4 14. exd4 Na5
15. b3 Rfc8 16. Re1 e6 17. Rc2 Nd5 18. Bg3 Nxc4 19. Nxc4 Rc6 20. Qd2 Rac8 21.
Rec1 Qc7 22. Nxd6 Rxd6 23. c4 Ne7 24. Qb4 e5 25. Nxe5 Nf5 26. Nxf7 Kxf7 27.
Bxd6 Qc6 28. d5 Qxd6 29. Qxd6 Nxd6 30. g4 Bh6 31. Rd1 Bf4 32. Kg2 g5 33. Re2 b5
34. cxb5 axb5 35. a5 Rc5 36. b4 Rxd5 37. Rxd5 Bxd5+ 38. f3 Nc4 39. a6 Nd2 40.
a7 Bxf3+ 41. Kf2 Bb7 42. Ke1 Nf3+ 43. Kd1 Bd2 44. Rf2 Ke7 45. Ke2 Bxb4 46. Rxf3
Bc5 47. Rf5 Bxa7 48. Rxg5 Kf6 49. Rf5+ Kg6 50. Re5 Kf6 51. Rf5+ Kg6 52. Re5 Bd4
53. Re6+ Bf6 54. Rd6 Bc8 55. Rc6 Bd7 56. Rd6 Be8 57. h4 Kf7 58. g5 Bc3 59. Kd3
b4 60. Rb6 Ke7 61. Kc4 Bf7+ 62. Kd3 Be1 63. Rh6 Bg6+ 64. Kc4 Bc2 65. h5 Bd2 66.
Rb6 Bxg5 67. Rxb4 Kf6 68. Kd5 Kf5 69. Rb2 Be4+ 70. Kd6 Bf4+ 71. Ke7 Kg4 72. Rb4
1/2-1/2

[Event "BL 8485 Zähringen-Delmenhorst"]
[Site "?"]
[Date "1985.??.??"]
[Round "?.5"]
[White "Franke, R."]
[Black "Bassler, M."]
[Result "1-0"]
[WhiteElo "2290"]
[BlackElo "2290"]
[PlyCount "68"]
[EventDate "1985.??.??"]

1. Nf3 d6 2. d4 f5 3. b4 Nf6 4. e3 g6 5. Bb2 Bg7 6. c4 O-O 7. Qb3 c6 8. Be2 a5
9. a3 Ne4 10. O-O axb4 11. axb4 Rxa1 12. Bxa1 Qe8 13. Nc3 Nxc3 14. Bxc3 e5 15.
dxe5 dxe5 16. c5+ Kh8 17. Qb2 Nd7 18. Nd2 Qe7 19. Nc4 Bf6 20. Ra1 e4 21. Ra8
Qg7 22. Bxf6 Nxf6 23. Nd6 Bd7 24. Ra7 Ne8 25. Qxg7+ Nxg7 26. Rxb7 Be6 27. Rb6
Bd5 28. Bc4 Ra8 29. h3 Ne6 30. Bxd5 cxd5 31. Nb5 Ng5 32. c6 Ra1+ 33. Kh2 Rc1
34. c7 Kg7 1-0

[Event "BL 8485 Zähringen-Delmenhorst"]
[Site "?"]
[Date "1985.??.??"]
[Round "?.6"]
[White "Raupp, T."]
[Black "Schlemermeyer, W."]
[Result "1/2-1/2"]
[WhiteElo "2275"]
[BlackElo "2220"]
[PlyCount "86"]
[EventDate "1985.??.??"]

1. c4 Nf6 2. Nc3 e6 3. e4 d5 4. e5 d4 5. exf6 dxc3 6. bxc3 Qxf6 7. Nf3 c5 8. d4
cxd4 9. cxd4 Bb4+ 10. Bd2 Bxd2+ 11. Qxd2 O-O 12. Bd3 Nc6 13. O-O Rd8 14. Rfd1
b6 15. Qe3 Bb7 16. Rab1 Ne7 17. Ne5 Nf5 18. Bxf5 Qxf5 19. f3 Rac8 20. Rb2 h6
21. h3 Qg5 22. f4 Qe7 23. Rc1 Rc7 24. c5 Rdc8 25. Rbc2 Bd5 26. Nd3 a5 27. a3
Qd8 28. Rb2 Rb7 29. Rcb1 Rcb8 30. Qe5 bxc5 31. Rxb7 Rxb7 32. Rxb7 Bxb7 33. Nxc5
Bd5 34. f5 Qg5 35. Qe2 Qxf5 36. Qd2 Qg5 37. Qb2 Qe3+ 38. Kh2 Qf4+ 39. Kg1 h5
40. Nd7 Qe3+ 41. Kh2 Qf4+ 42. Kg1 Qe3+ 43. Kh2 Qf4+ 1/2-1/2

[Event "BL 8485 Koblenz-Enger"]
[Site "?"]
[Date "1985.??.??"]
[Round "?.1"]
[White "Smejkal, J."]
[Black "Gutman, L."]
[Result "1-0"]
[WhiteElo "2540"]
[BlackElo "2485"]
[PlyCount "85"]
[EventDate "1985.??.??"]

1. c4 Nf6 2. Nc3 d5 3. cxd5 Nxd5 4. g3 Nxc3 5. bxc3 g6 6. Bg2 Bg7 7. Rb1 Nd7 8.
Nf3 O-O 9. O-O Nb6 10. Ng5 Qd7 11. Ne4 Qf5 12. Ba3 Re8 13. d3 Qh5 14. c4 Bg4
15. Re1 Rad8 16. Qc2 Bd7 17. Nc5 Bc6 18. Nxb7 Bxg2 19. Kxg2 Rb8 20. Rb5 g5 21.
Na5 a6 22. Rb3 Rbd8 23. c5 Nd5 24. e4 Nf4+ 25. gxf4 Qg4+ 26. Kf1 gxf4 27. f3
Qxf3+ 28. Qf2 Qh3+ 29. Qg2 Qh6 30. e5 Kh8 31. Nc6 Rd7 32. d4 Rg8 33. e6 fxe6
34. Rh3 f3 35. Qxf3 Qg6 36. Rg3 Qc2 37. Qg2 Qc4+ 38. Kg1 Bxd4+ 39. Nxd4 Rxg3
40. Qxg3 Qxd4+ 41. Qf2 Qxf2+ 42. Kxf2 Rd3 43. Bb2+ {ZÜ} 1-0

[Event "BL 8485 Koblenz-Enger"]
[Site "?"]
[Date "1985.??.??"]
[Round "?.2"]
[White "Schulz, KJ."]
[Black "Podzielny, K."]
[Result "0-1"]
[WhiteElo "2355"]
[BlackElo "2415"]
[PlyCount "82"]
[EventDate "1985.??.??"]

1. e4 c5 2. Nf3 e6 3. c3 Nc6 4. d4 d5 5. exd5 exd5 6. Be2 Bd6 7. dxc5 Bxc5 8.
Nbd2 Nf6 9. O-O h6 10. Nb3 Bb6 11. Nfd4 O-O 12. Bf4 Re8 13. Re1 Ne4 14. Bf3 Qf6
15. Bg3 Bd7 16. Bxe4 dxe4 17. Nb5 Bf5 18. Nd6 Red8 19. Qd5 Be6 20. Qd2 e3 21.
fxe3 Bxb3 22. axb3 Qe6 23. Rad1 Qxb3 24. Qe2 Bc7 25. Nf5 Bxg3 26. Nxg3 Qe6 27.
e4 g6 28. Qb5 h5 29. Qxb7 h4 30. Nf1 h3 31. Ng3 Ne5 32. Rd5 hxg2 33. Kxg2 Rdb8
34. Qc7 Rxb2+ 35. Re2 Rxe2+ 36. Nxe2 Qg4+ 37. Ng3 Qf3+ 38. Kg1 Ng4 39. Qc5 Rb8
40. Nf1 Rb1 41. Rd8+ Kh7 0-1

[Event "BL 8485 Koblenz-Enger"]
[Site "?"]
[Date "1985.??.??"]
[Round "?.3"]
[White "Gruen, G."]
[Black "Wolf, V."]
[Result "1-0"]
[WhiteElo "2355"]
[BlackElo "2315"]
[PlyCount "101"]
[EventDate "1985.??.??"]

1. d4 Nf6 2. Nf3 e6 3. c4 Bb4+ 4. Bd2 a5 5. g3 d5 6. Qc2 Nc6 7. a3 Be7 8. Bg2
O-O 9. O-O Ne4 10. Rd1 a4 11. Be3 Bd7 12. Ne5 f5 13. f3 Nf6 14. Nd2 Nh5 15. Bf2
f4 16. e4 fxe3 17. Bxe3 Be8 18. Nxc6 Bxc6 19. f4 g5 20. fxg5 Bxg5 21. Bxg5 Qxg5
22. Qc3 Rad8 23. Nf3 Qg7 24. Ne5 Be8 25. Rf1 Nf6 26. Rf4 Bg6 27. Nxg6 hxg6 28.
Raf1 g5 29. R4f2 Ng4 30. Rxf8+ Rxf8 31. Rxf8+ Qxf8 32. Qf3 Qxf3 33. Bxf3 Nf6
34. h4 gxh4 35. gxh4 c6 36. c5 Kf7 37. Kf2 e5 38. dxe5 Nd7 39. Ke3 Nxe5 40. Bd1
Nc4+ 41. Kd4 Nxb2 42. Be2 Kg6 43. Kc3 Nc4 44. Bxc4 dxc4 45. Kxc4 Kh5 46. Kb4
Kxh4 47. Kxa4 Kg5 48. Ka5 Kf5 49. Kb6 Ke5 50. Kxb7 Kd5 51. Kb6 1-0

[Event "BL 8485 Koblenz-Enger"]
[Site "?"]
[Date "1985.??.??"]
[Round "?.4"]
[White "Doncevic, D."]
[Black "Fleck, J."]
[Result "0-1"]
[WhiteElo "2360"]
[BlackElo "2400"]
[PlyCount "60"]
[EventDate "1985.??.??"]

1. Nf3 d6 2. e4 Nf6 3. Nc3 c5 4. d4 cxd4 5. Nxd4 g6 6. Be2 Bg7 7. O-O O-O 8.
Nb3 Nc6 9. Be3 Be6 10. f4 Rc8 11. Kh1 Na5 12. Bxa7 Nc4 13. Bxc4 Bxc4 14. Re1 b6
15. e5 Nd7 16. exd6 exd6 17. Qxd6 Ra8 18. Qb4 Qc7 19. Re7 Rxa7 20. Rxd7 Qxd7
21. Qxc4 Rc8 22. Qb4 Bxc3 23. bxc3 Rxa2 24. Qxb6 Rxa1+ 25. Nxa1 Rc6 26. Qb8+
Kg7 27. h3 Re6 28. Nb3 Qd1+ 29. Kh2 Re1 30. Nd4 Rh1+ 0-1

[Event "BL 8485 Koblenz-Enger"]
[Site "?"]
[Date "1985.??.??"]
[Round "?.6"]
[White "Andruet, G."]
[Black "Stertenbrink, G."]
[Result "1-0"]
[WhiteElo "2400"]
[BlackElo "2225"]
[PlyCount "101"]
[EventDate "1985.??.??"]

1. d4 Nf6 2. c4 e6 3. Nf3 b6 4. g3 Bb7 5. Bg2 Bb4+ 6. Bd2 Be7 7. Nc3 O-O 8. Qc2
c5 9. d5 exd5 10. Ng5 h6 11. Nxd5 Bxd5 12. Bxd5 Nc6 13. h4 Rc8 14. O-O-O Nd4
15. Qd3 b5 16. cxb5 Qb6 17. Bc3 Qxb5 18. Qxb5 Nxb5 19. Bxf6 Bxf6 20. Ne4 Be7
21. Bc4 Nd4 22. e3 Rfd8 23. exd4 cxd4 24. Rxd4 d5 25. Rhd1 dxe4 26. Rxe4 Bc5
27. Rxd8+ Rxd8 28. Rf4 Rd7 29. h5 Kf8 30. Kc2 f6 31. Rf5 Bd4 32. f3 Rc7 33. b3
Rc5 34. Rf4 Be5 35. Rg4 Bd6 36. Rd4 Ke7 37. g4 Be5 38. Re4 Kd7 39. Kd3 Kd8 40.
Re2 Rc6 41. Ke4 Rd6 42. Kf5 Rd4 43. Kg6 Rf4 44. Kxg7 Rxf3 45. Kxh6 Ke7 46. g5
Rg3 47. g6 Kf8 48. Kh7 Bf4 49. Bf7 Be5 50. h6 a5 51. Bc4 1-0